Guess the 1970s song lyrics #360 - Statistics

General Stats
  • This quiz has been taken 10 times
  • The average score is 171 of 315
Answer Stats
Answer % Correct
I
89%
a
78%
are
78%
in
78%
my
78%
My
78%
on
78%
the
78%
When
78%
an
67%
and
67%
And
67%
down
67%
for
67%
go
67%
he
67%
into
67%
is
67%
lights
67%
one
67%
out
67%
People
67%
people
67%
there
67%
There's
67%
Theres'
67%
to
67%
can
56%
got
56%
hear
56%
making
56%
me
56%
music
56%
Ooh
56%
singing
56%
Singing
56%
song
56%
soul
56%
town
56%
as
44%
California
44%
car
44%
Each
44%
evening
44%
girls
44%
gold
44%
he's
44%
He's
44%
makes
44%
taking
44%
turning
44%
yeah
44%
Ah
33%
Driving
33%
greatest
33%
guitar
33%
heart
33%
his
33%
hour
33%
over
33%
radio
33%
right
33%
with
33%
working
33%
world
33%
Yes
33%
back
22%
buddy
22%
fifty
22%
gas
22%
jump
22%
pumping
22%
rock
22%
roll
22%
Story
22%
time
22%
Two
22%
babe
11%
Bass
11%
beat
11%
breathing
11%
cans
11%
Flying
11%
hands
11%
Jim
11%
Kanan
11%
melody
11%
rhythm
11%
road
11%
Rocking
11%
shower
11%
Sings
11%
Slipping
11%
tappin
11%
throw
11%
No matching quizzes found
Score Distribution
Percent of People with Each Score
Percentile by Number Answered
Your Score History
You have not taken this quiz